| 000 | 01062nam a2200337 i 4500 | ||
|---|---|---|---|
| 003 | EG-GICUC | ||
| 005 | 20260507150844.0 | ||
| 008 | 260507s1926 fr ||||fr|||| 00| 0 fre d | ||
| 040 |
_aEG-GiCUC _bfre _cEG-GiCUC _dEG-GiCUC _eRda |
||
| 041 | _afre | ||
| 082 | 0 | 4 |
_221 _a345.25 _bDU.S |
| 092 | 0 | 4 | _221 |
| 099 | _aLaw1 07 345.25 DU.S 20ed 1926 | ||
| 100 | 1 |
_aDubarry , J. _eAuteur |
|
| 245 |
_aLe Secrétaire De Mairie Ouvrage Pratique / _c J. Dubarry . |
||
| 250 | _aVINGTIÈME EDITION . | ||
| 264 |
_aParis : _bBIBLIOTHÈQUE MUNICIPALE ET RURALE , _c1926 . |
||
| 300 |
_a1295 page; _c 24 cm. |
||
| 336 |
_2rda contenu _a texte |
||
| 337 |
_2rda medias _aOrdinateur |
||
| 338 |
_2 transporteur rda _a Ressource en ligne |
||
| 500 | _aIncludes Index Pages 1287-1295. | ||
| 546 | _aTexte en français | ||
| 650 | 1 | _aDroit international | |
| 650 | 1 | _aGouvernement local | |
| 651 | 1 | _2qrmak | |
| 700 | 1 |
_aMarcel BEAUFILS _eContributeur |
|
| 856 | 4 | 0 | _uhttps://fll.law.cu.edu.eg/fulltext/bks/B07-05211.pdf |
| 905 | _a60 | ||
| 942 |
_2ddc _cBK _e21 _n0 |
||
| 999 |
_c76189 _d76189 |
||